Normal view
MARC view
- Competencia económica
Entry Materia
001 - NÚMERO DE CONTROL DEL REGISTRO
- campo de control: 10730
003 - IDENTIFICADOR DE NUMERO DE CONTROL
- campo de control: MX-MxUPN
005 - FECHA Y HORA DE LA ÚLTIMA TRANSACCIÓN
- campo de control: 20250904093636.0
008 - DATOS DE LONGITUD FIJA
- campo de control de longitud fija: 250904nabacnnnaabn b |nc |d
035 ## - NÚMERO DE CONTROL DEL SISTEMA
- Número de control del sistema: MX-MxUPN10000010737
040 ## - FUENTE DE LA CATALOGACIÓN
- Lengua de catalogación: SPA
- Agencia de transcripción: MX-MxUPN
150 ## - ENCABEZAMIENTO - TEMÁTICO
- Término de materia o nombre geográfico como elemento inicial: Competencia económica
- Subdivisión geográfica: América Latina
670 ## - FUENTE EN LA QUE SE LOCALIZARON DATOS
- Cita de la fuente: LC
- Información localizada: Competition - Latin America
902 ## - CATALOGADOR
- Catalogador: MMA/171008
